Troubleshooting IP routing protocols

Uloženo v:
Podrobná bibliografie
Hlavní autoři: Aziz, Zaheer (Autor), Liu, Johnson (Autor), Martey, Abe (Autor), Shamim, Faraz (Autor)
Médium: Kniha
Jazyk:angličtina
Vydáno: Indianápolis Cisco 2002
Témata:
Tagy: Přidat tag
Žádné tagy, Buďte první, kdo vytvoří štítek k tomuto záznamu!

MARC

LEADER 00000nam a2200000 a 4500
001 UCK2489
003 CL-VaPUC
008 050113e20020000US |||||||||||||||||eng|d
020 |a 1587050196 
082 0 4 |a 004.68  |b AZI  |2 21 
100 0 |a Aziz, Zaheer  |e author  |9 490341 
700 0 |a Liu, Johnson  |e author  |9 490342 
700 0 |a Martey, Abe  |e author  |9 490343 
700 0 |a Shamim, Faraz  |e author  |9 490344 
245 1 0 |a Troubleshooting IP routing protocols 
300 |a 872 p 
942 |c BK 
945 |d 20050113 00:00:00  |a cmena 
260 |a Indianápolis  |b Cisco  |c 2002 
650 0 |a Redes de computadores  |9 263293 
650 0 |a Toma de decisiones   |9 257530 
650 0 |a Protocolos de redes   |9 464559 
650 7 |a REDES LOCALES  |2 CL-VaPUC  |9 474828 
583 |a last modification  |c 20050113 00:00:00  |k Rodrigo Vera 
999 |c 312003  |d 312001 
952 |0 0  |1 0  |4 0  |6 004_680000000000000_AZI_2002  |7 0  |8 A  |9 381782  |a BIBING  |b BIBING  |d 2019-11-21  |i 4093364  |o 004.68 AZI 2002  |p 4093364  |r 2023-03-02  |w 2019-11-21  |y BK  |k EIE